| 000 | 00508nam a2200217Ia 4500 | ||
|---|---|---|---|
| 008 | 171025s9999 xx 000 0 und d | ||
| 020 | _a1593789033 | ||
| 050 | _a636.73 | ||
| 050 | _bP985 2004 | ||
| 100 | _aCarpenter, Meg | ||
| 245 | _aGerman shepherd dog / | ||
| 245 | _cby Meg Carpenter. | ||
| 260 | _aUSA : | ||
| 260 | _bKennel Club, | ||
| 260 | _c2004 | ||
| 300 | _a96 pages : | ||
| 300 | _bcolor illustrations ; | ||
| 300 | _c21cm. | ||
| 650 | _aGerman shepherd dog. | ||
| 700 | _aTitle. | ||
| 999 |
_c344654 _d344654 |
||